000 00638nam a2200241Ia 4500
003 OSt
005 20220918204734.0
006 a|||||r|||| 00| 0
007 ta
008 220917b |||||||| |||| 00| 0 eng d
024 _a113,921
037 _cTextual
040 _aARTS
_cARTS
_beng
041 _2eng
_aeng
082 _aV58:195923.N5, M3
100 _aRaanan G D
_9112939
245 0 _aInternational policy formation in the U S S R
260 _aUSA
_bArchon
_c1983
300 _ax, 248p.
_ccm.
650 _aHISTORY
942 _hV58:195923.N5, M3
_cTEXL
_2CC
999 _c237252
_d237252